|
|
|
|
| LEADER |
01334nam a2200277 a 4500 |
| 001 |
GR-MES12762 |
| 008 |
070713s xxk b 001 0 gre d |
| 020 |
|
|
|a 0750657820
|
| 040 |
|
|
|a GrPaTEI
|b gre
|c GR-PaULI
|
| 040 |
|
|
|a GrPaTEI
|b gre
|c GR-PaULI
|
| 082 |
|
0 |
|a 790.097 3
|
| 100 |
1 |
|
|a Lashley, Conrad
|
| 245 |
1 |
0 |
|a Organization behaviour for leisure services /
|c Conrad Lashley / Darren Lee-Ross.
|
| 260 |
|
|
|a Oxford
|a Boston :
|b Elsevier Butterworth-Heinemann,
|c 2003
|
| 300 |
|
|
|a xxiv
|a 253σ. :
|b εικ. ;
|c 24εκ.
|
| 504 |
|
|
|a Περιλαμβάνει βιβλιογραφίες και ευρετήριο.
|
| 650 |
|
0 |
|a Leisure industry
|
| 650 |
|
4 |
|a Ελεύθερος χρόνος
|
| 650 |
|
4 |
|a ΟΡΓΑΝΩΤΙΚΗ ΣΥΜΠΕΡΙΦΟΡΑ
|
| 650 |
|
4 |
|a Τουρισμός
|
| 700 |
1 |
|
|a Ross, Darren Lee
|
| 942 |
|
|
|2 ddc
|
| 952 |
|
|
|0 0
|1 0
|2 ddc
|4 0
|6 790_097000000000000_3_LAS
|7 0
|9 271331
|a MSLG
|b MSLG
|c BSC
|d 2021-01-17
|e 24
|f 0
|g 0.00
|l 0
|o 790.097 3 LAS
|p 2420000022174
|r 2021-01-17 00:00:00
|t 1
|w 2021-01-17
|y BK15
|x 20070716 0 ΓΑΒΡΙΝΑ 1
|x GrPaTEI
|
| 952 |
|
|
|0 0
|1 0
|2 ddc
|4 0
|6 790_097000000000000_3_LAS
|7 0
|9 271332
|a MSLG
|b MSLG
|c BSC
|d 2021-01-17
|e 24
|f 0
|g 0.00
|l 0
|o 790.097 3 LAS
|p 2420000022187
|r 2021-01-17 00:00:00
|t 1
|w 2021-01-17
|y BK15
|x 20070713 0 ΜΑΤΣΙΩΡΗ 1
|x GrPaTEI
|
| 971 |
|
|
|a .b25788097
|b 01-10-20
|c 13-09-16
|
| 999 |
|
|
|c 156710
|d 156710
|